Judicial hints on civil procedure / (Record no. 642)

MARC details
000 -LEADER
fixed length control field 01217cam a2200325 a 4500
001 - CONTROL NUMBER
control field 13962383
003 - CONTROL NUMBER IDENTIFIER
control field OSt
005 - DATE AND TIME OF LATEST TRANSACTION
control field 20121204200813.0
008 - FIXED-LENGTH DATA ELEMENTS--GENERAL INFORMATION
fixed length control field 050512s2005 ke b 000 0 eng
010 ## - LIBRARY OF CONGRESS CONTROL NUMBER
LC control number 2005328356
020 ## - INTERNATIONAL STANDARD BOOK NUMBER
International Standard Book Number 9966703403
040 ## - CATALOGING SOURCE
Original cataloging agency DLC
Transcribing agency DLC
Modifying agency DLC
042 ## - AUTHENTICATION CODE
Authentication code lccopycat
-- lcode
043 ## - GEOGRAPHIC AREA CODE
Geographic area code f-ke---
050 00 - LIBRARY OF CONGRESS CALL NUMBER
Classification number KSK3570
Item number .K85 2005
082 00 - DEWEY DECIMAL CLASSIFICATION NUMBER
Classification number 347.05 KUL
Edition number 22
100 1# - MAIN ENTRY--PERSONAL NAME
Personal name Kuloba, R.,
Dates associated with a name 1946-
9 (RLIN) 1854
245 10 - TITLE STATEMENT
Title Judicial hints on civil procedure /
Statement of responsibility, etc [Richard Kuloba].
250 ## - EDITION STATEMENT
Edition statement 2nd ed.
260 ## - PUBLICATION, DISTRIBUTION, ETC. (IMPRINT)
Place of publication, distribution, etc Nairobi, Kenya :
Name of publisher, distributor, etc LawAfrica,
Date of publication, distribution, etc c2005.
300 ## - PHYSICAL DESCRIPTION
Extent Iviii, 334 p. ;
Dimensions 24 cm.
504 ## - BIBLIOGRAPHY, ETC. NOTE
Bibliography, etc Includes bibliographical references.
650 #0 - SUBJECT ADDED ENTRY--TOPICAL TERM
Topical term or geographic name as entry element Civil procedure
Geographic subdivision Kenya.
9 (RLIN) 1855
906 ## - LOCAL DATA ELEMENT F, LDF (RLIN)
a 7
b cbc
c origcop
d 2
e ncip
f 20
g y-gencatlg
942 ## - ADDED ENTRY ELEMENTS (KOHA)
Source of classification or shelving scheme Dewey Decimal Classification
Koha item type Books
Holdings
Withdrawn status Lost status Source of classification or shelving scheme Damaged status Not for loan Home library Current library Shelving location Date acquired Total Checkouts Full call number Barcode Date last seen Price effective from Koha item type
    Dewey Decimal Classification     Law Development Centre Main Library Law Development Centre Main Library Text Books and Laws 04/26/2011   347.05 KUL 16409 04/26/2011 04/26/2011 Books
    Dewey Decimal Classification     Law Development Centre Main Library Law Development Centre Main Library Text Books and Laws 04/26/2011   347.05 KUL 16509 04/26/2011 04/26/2011 Books
    Dewey Decimal Classification     Law Development Centre Main Library Law Development Centre Main Library Text Books and Laws 04/26/2011   347.05 KUL 16609 04/26/2011 04/26/2011 Books